000 01440pam a2200421 i 4500
001 2019004154
003 DLC
005 20251205035541.0
007 t|
008 190208s2020 nyu d 000 1 eng
010 _a 2019004154
020 _a9780525707967
_qhardcover
020 _a9780525707974
_qglb
020 _a0525707964
035 _a1233211
040 _aDLC
_beng
_erda
_cDLC
_dGCmBT
042 _apcc
_alcac
100 1 _aMcManus, Karen M.,
_eauthor.
_4aut.
245 1 0 _aOne of us is next /
_cKaren M. McManus.
250 _aFirst edition.
264 1 _aNew York :
_bDelacorte Press,
_c[2020]
300 _a375 pages ;
_c22 cm.
336 _atext
_btxt
_2rdacontent.
337 _aunmediated
_bn
_2rdamedia.
338 _avolume
_bnc
_2rdacarrier.
520 _a"A year after the Bayview four were cleared of Simon Kelleher's death, a new mystery has cropped up--a game with dangerous consequences that's targeting students at Bayview again. And if the creator isn't found soon, dangerous could prove deadly"--
_cProvided by publisher.
521 8 _aHL740
_bLexile.
650 0 _aDetective and mystery stories.
650 0 _aGossip
_vFiction.
650 0 _aHigh schools
_vFiction.
650 0 _aSchools
_vFiction.
650 1 _aMystery and detective stories.
650 1 _aGossip
_vFiction.
650 1 _aHigh schools
_vFiction.
650 1 _aSchools
_vFiction.
907 _a.b412167189
942 _2ddc
_cBK
999 _c31378
_d31376